000 00608nam a2200205Ia 4500
003 GCL
008 140319s9999 xx 000 0 ara d
040 _aGCL /
_cGCL
082 0 4 _a811.094
_bا م
100 1 _aاحمد غراب
245 1 0 _aالملاك الرمادى , شعر /
_cاحمد غراب
260 _a[S.N] :
_bالهيئة المصرية العامة للكتاب ،
_c1988
300 _a174 ص
490 _a
650 0 4 _aالشعر العربى
650 0 4 _aالادب العربى
650 0 4 _aالعصر الحديث
650 0 4 _aدواوين وقصائد
942 _2ddc
_cBK
999 _c30114
_d30114